Heat and mass transfer (Record no. 5861)

000 -LEADER
fixed length control field 00529nam a2200205 4500
001 - CONTROL NUMBER
control field 5861
003 - CONTROL NUMBER IDENTIFIER
control field BD-DhUET
008 - FIXED-LENGTH DATA ELEMENTS--GENERAL INFORMATION
fixed length control field 700409m19679999is a b 000 0 eng
040 ## - CATALOGING SOURCE
Original cataloging agency DLC
Transcribing agency DLC
Modifying agency BD-DhUET
082 00 - DEWEY DECIMAL CLASSIFICATION NUMBER
Classification number 621.011
Item number ECK/1959
100 ## - MAIN ENTRY--PERSONAL NAME
Personal name Eckert, R. R. G.
245 00 - TITLE STATEMENT
Title Heat and mass transfer
250 ## - EDITION STATEMENT
Edition statement 2nd ed.
260 ## - PUBLICATION, DISTRIBUTION, ETC. (IMPRINT)
Place of publication, distribution, etc. New York
Name of publisher, distributor, etc. McGraw-Hill
Date of publication, distribution, etc. 1959
300 ## - PHYSICAL DESCRIPTION
Extent xiv, 530p.
490 1# - SERIES STATEMENT
Series statement McGraw-Hill series in mechanical engineering
650 #0 - SUBJECT ADDED ENTRY--TOPICAL TERM
Topical term or geographic name as entry element Heat-Transmission
700 ## - ADDED ENTRY--PERSONAL NAME
Personal name Drake, Robert M.
942 ## - ADDED ENTRY ELEMENTS (KOHA)
Koha item type General Book
Holdings
Copy number Not for loan Koha normalized classification for sorting Koha date last borrowed Price effective from Withdrawn status Koha issues (times borrowed) Date acquired Source of classification or shelving scheme Shelving location Koha date last seen Sublocation or collection (holding branch) Location (home branch) Lost status Piece designation (barcode) Damaged status Koha item type Koha full call number
  621_011000000000000_ECK_1959 2014-11-29  2014-11-29 Circulation section2014-11-29Central Library, BUETCentral Library, BUET 36668 General Book621.011/ECK/1959
2 621_000000000000000_011ECK1959 2014-12-03  2014-12-03 Circulation section2014-12-03Central Library, BUETCentral Library, BUET 14884 General Book621.011/ECK/1959
3 621_011000000000000_ECK_1959 2015-04-12  2015-04-12 Circulation section2015-04-12Central Library, BUETCentral Library, BUET 11302 General Book621.011/ECK/1959
4 621_011000000000000_ECK_1959 2015-04-12  2015-04-12 Circulation section2015-04-12Central Library, BUETCentral Library, BUET 31276 General Book621.011/ECK/1959
5 621_011000000000000_ECK_1959 2015-04-12  2015-04-12 Circulation section2015-04-12Central Library, BUETCentral Library, BUET 31274 General Book621.011/ECK/1959
6 621_011000000000000_ECK_1959 2015-04-12  2015-04-12 Circulation section2015-04-12Central Library, BUETCentral Library, BUET 31271 General Book621.011/ECK/1959
7 621_011000000000000_ECK_1959 2015-04-12  2015-04-12 Circulation section2015-04-12Central Library, BUETCentral Library, BUET 31272 General Book621.011/ECK/1959
8 621_011000000000000_ECK_19592020-03-022015-04-13 12015-04-13 Circulation section2021-11-28Central Library, BUETCentral Library, BUET 31277 General Book621.011/ECK/1959
9 621_011000000000000_ECK_1959 2015-04-13  2015-04-13 Circulation section2015-04-13Central Library, BUETCentral Library, BUET 11301 General Book621.011/ECK/1959
10 621_011000000000000_ECK_1959 2015-04-13  2015-04-13 Circulation section2015-04-13Central Library, BUETCentral Library, BUET 11303 General Book621.011/ECK/1959
11 621_011000000000000_ECK_1959 2015-04-13  2015-04-13 Circulation section2015-04-13Central Library, BUETCentral Library, BUET 24625 General Book621.011/ECK/1959
12 621_011000000000000_ECK_1959 2015-04-13  2015-04-13 Circulation section2015-04-13Central Library, BUETCentral Library, BUET 7652 General Book621.011/ECK/1959
13 621_011000000000000_ECK_1959 2015-04-13  2015-04-13 Circulation section2015-04-13Central Library, BUETCentral Library, BUET 24320 General Book621.011/ECK/1959
14 621_011000000000000_ECK_1959 2015-04-13  2015-04-13 Circulation section2015-04-13Central Library, BUETCentral Library, BUET 24976 General Book621.011/ECK/1959
15 621_011000000000000_ECK_1959 2015-04-13  2015-04-13 Circulation section2015-04-13Central Library, BUETCentral Library, BUET 31275 General Book621.011/ECK/1959
16 621_011000000000000_ECK_1959 2015-06-16  2015-06-16 Reading section2015-06-16Central Library, BUETCentral Library, BUET 7655 General Book621.011/ECK/1959